Normal view MARC view
  • Rovira, Francesc

Entry Nombre Personal

Number of records used in: 9

001 - NUMERO DE CONTROL

  • campo de control: 39880

003 - IDENTIFICADOR DE NUMERO DE CONTROL

  • campo de control: DLC

005 - FECHA Y HORA DE LA ÜLTIMA TRANSACCIÓN

  • campo de control: 20240227114723.0

008 - DATOS DE LONGITUD FIJA

  • campo de control de longitud fija: 851122n| azannaabn |a aaa

010 ## - NÚMERO DE CONTROL DE LA BIBLIOTECA DEL CONGRESO

  • Número de control LC: n 85184588

035 ## - NUMERO DE CONTROL

  • Número de control: (OCoLC)oca01501282

040 ## - FUENTE DE CATALOGACIÓN

  • Agencia original de catalogación: DLC
  • Lenguaje de catalogación: spa
  • Description conventions: rda
  • Agencia de transcripción: DLC
  • Agencia que lo modifica: OCoLC
  • Agencia que lo modifica: ICrlF
  • Agencia que lo modifica: DLC
  • Agencia que lo modifica: MX-MxUPN

046 ## - FECHAS CON CODIFICACIÓN ESPECIAL

  • Fecha de nacimiento: 1958-09-22
  • Fuente del formato de fecha: edtf

100 1# - ENCABEZAMIENTO - NOMBRE PERSONAL

  • Nombre personal: Rovira, Francesc

370 ## - LUGAR ASOCIADO

  • Place of birth: Barcelona (España)

372 ## - CAMPO DE ACTIVIDAD

  • Field of activity: Ilustración

374 ## - OCUPACIÓN

  • Occupation: Ilustrador

400 1# - VEÁSE - NOMBRE DE PERSONA

  • Personal name: Rovira, Francesco,
  • Dates associated with a name: 1958-

400 1# - VEÁSE - NOMBRE DE PERSONA

  • Personal name: Rovira, Francisco,
  • Dates associated with a name: 1958-

400 1# - VEÁSE - NOMBRE DE PERSONA

  • Personal name: Rovira Jarque, Francesc,
  • Dates associated with a name: 1958-

400 1# - VEÁSE - NOMBRE DE PERSONA

  • Personal name: Rovira, Quico,
  • Dates associated with a name: 1958-

670 ## - FUENTE EN LA QUE SE LOCALIZARON DATOS

  • Cita de la fuente: Alex's adventures in the country, 1986:
  • Información localizada: portada (Francesc Rovira)

670 ## - FUENTE EN LA QUE SE LOCALIZARON DATOS

  • Cita de la fuente: ¿Dónde está mi almohada?, 2014:
  • Información localizada: portada (illustrated by Françesc Rovira) colofón (Françesc Rovira born in Barcelona on September 20 of 1958)

670 ## - FUENTE EN LA QUE SE LOCALIZARON DATOS

  • Cita de la fuente: BNE in VIAF, July 8, 2015
  • Información localizada: (Rovira, Francesc (1958-) Usado por: Rovira, F. (1958-) Rovira, Francesco (1958-) Rovira, Francisco (1958-) Rovira Jarque, Francesc (1958-) Rovira, Quico (1958-))

670 ## - FUENTE EN LA QUE SE LOCALIZARON DATOS

  • Cita de la fuente: Vamos a vestirinos, 2006:
  • Información localizada: portada (Francesc Rovira)

902 ## - CATALOGADOR

  • Catalogador: Víctor Ruiz/271224